000
00282nam a2200121Ia 4500
008
191201s2019 xx 000 0 und d
100
_a
JAIN, Anil k
245
0
_a
Fundamental of digital image
260
_b
Pearson
_c
2019
300
_a
569
650
_a
B.Tech(ECE)
942
_2
ddc
_c
BK
999
_c
7064
_d
7064